[Event "CAN-op"]
[Site "Kapuskasing CAN"]
[Date "2004.07.13"]
[Round "5"]
[White "Bond, Hal"]
[Black "Doubleday, William"]
[Result "0-1"]
[WhiteElo "1770"]
[BlackElo "2086"]
[PlyCount "68"]
[GameId "2160767911095302"]
[EventDate "2004.07.10"]
[EventType "swiss"]
[EventRounds "10"]
[EventCountry "CAN"]

1. e4 c5 2. d4 cxd4 3. c3 Nf6 4. e5 Nd5 5. cxd4 d6 6. Bb5+ Bd7 7. Bxd7+ Qxd7 8. Nf3 e6 9. O-O Be7 10. Nc3 Nxc3 11. bxc3 Qc7 12. Rb1 Nd7 13. Qa4 O-O 14. Ba3 Nb6 15. exd6 Nxa4 16. dxc7 Bxa3 17. Rxb7 Bd6 18. c4 Rfc8 19. c5 Bxc7 20. Rc1 Bf4 21. Rc4 Nb6 22. Rb4 Nd5 23. Ra4 a6 24. g3 Bc7 25. Ra3 Rcb8 26. Rab3 Rxb7 27. Rxb7 f6 28. Nd2 Rb8 29. c6 Rxb7 30. cxb7 Nb6 31. Kf1 Kf7 32. Ke2 Ke7 33. Ne4 Nd7 34. Kd3 f5 0-1

[Event "CAN-op"]
[Site "Kapuskasing CAN"]
[Date "2004.07.13"]
[Round "5"]
[White "Ede, Albert"]
[Black "Tyomkin, Dimitri"]
[Result "0-1"]
[WhiteElo "1717"]
[BlackElo "2530"]
[PlyCount "38"]
[GameId "2160767911095304"]
[EventDate "2004.07.10"]
[EventType "swiss"]
[EventRounds "10"]
[EventCountry "CAN"]
[SourceTitle "EXT 2022"]
[Source "ChessBase"]
[SourceDate "2021.10.06"]
[SourceVersion "1"]
[SourceVersionDate "2021.10.06"]
[SourceQuality "1"]

1. e4 c5 2. Nf3 Nc6 3. d4 cxd4 4. Nxd4 Nf6 5. Nc3 d6 6. Be2 e5 7. Nb3 Be7 8. O-O a5 9. a4 O-O 10. Be3 Be6 11. f3 Nb4 12. Qd2 Qc7 13. Rfc1 d5 14. Nb5 Qc8 15. c3 Na6 16. exd5 Nxd5 17. Bf2 Rd8 18. Qc2 Nf4 19. Nxa5 Bf5 0-1

[Event "CAN-op"]
[Site "Kapuskasing CAN"]
[Date "2004.07.13"]
[Round "5"]
[White "Fridman, Daniel"]
[Black "Geley, Shawn"]
[Result "1-0"]
[WhiteElo "2590"]
[BlackElo "1398"]
[PlyCount "53"]
[GameId "2160767911095305"]
[EventDate "2004.07.10"]
[EventType "swiss"]
[EventRounds "10"]
[EventCountry "CAN"]

1. d4 Nf6 2. Nf3 e6 3. g3 d5 4. Bg2 c6 5. O-O Bd6 6. Nbd2 O-O 7. c4 dxc4 8. Nxc4 Be7 9. Qc2 b6 10. e4 Bb7 11. Bg5 Nbd7 12. e5 Nd5 13. Nd6 Ba6 14. Bxe7 Qxe7 15. Rfe1 c5 16. Rad1 f6 17. Qa4 Bc8 18. Nxc8 Rfxc8 19. exf6 N7xf6 20. Ng5 Qb7 21. dxc5 Rxc5 22. Nxe6 Ra5 23. Qd4 Re8 24. b4 Rb5 25. a4 Rxb4 26. Qxb4 Qf7 27. Bxd5 1-0

[Event "CAN-op"]
[Site "Kapuskasing CAN"]
[Date "2004.07.13"]
[Round "5"]
[White "Goletiani, Rusudan"]
[Black "Graves, Charles"]
[Result "1-0"]
[WhiteElo "2334"]
[BlackElo "1972"]
[PlyCount "55"]
[GameId "2160767911095306"]
[EventDate "2004.07.10"]
[EventType "swiss"]
[EventRounds "10"]
[EventCountry "CAN"]

1. Nf3 f5 2. b3 Nf6 3. Bb2 e6 4. c4 b6 5. Nc3 Bb7 6. d4 d6 7. e3 Nbd7 8. Bd3 Ne4 9. d5 Ndc5 10. Bc2 e5 11. b4 Nxc3 12. Bxc3 Ne4 13. Bxe4 fxe4 14. Nd2 Qg5 15. Qa4+ Kd8 16. O-O Qg6 17. Qc2 Ba6 18. Rac1 b5 19. Rfd1 bxc4 20. a4 Bc8 21. Qxe4 Bf5 22. Qxc4 Rc8 23. b5 h5 24. Ba5 Qf7 25. Nf3 Be7 26. Qc6 Bd7 27. Qb7 g5 28. Rxc7 1-0

[Event "CAN-op"]
[Site "Kapuskasing CAN"]
[Date "2004.07.13"]
[Round "5"]
[White "Harper, Ryan"]
[Black "Loenhart, Manfred"]
[Result "1-0"]
[WhiteElo "2192"]
[BlackElo "1667"]
[PlyCount "23"]
[GameId "2160767911095307"]
[EventDate "2004.07.10"]
[EventType "swiss"]
[EventRounds "10"]
[EventCountry "CAN"]

1. e4 e5 2. Nf3 d6 3. d4 exd4 4. Nxd4 Be6 5. Nxe6 fxe6 6. Qh5+ g6 7. Qb5+ Nd7 8. Qxb7 Be7 9. Qb3 e5 10. Bc4 Ngf6 11. Bf7+ Kf8 12. Bh6# 1-0

[Event "CAN-op"]
[Site "Kapuskasing CAN"]
[Date "2004.07.13"]
[Round "5"]
[White "Henry, Liam"]
[Black "Dumontelle, Joseph"]
[Result "1-0"]
[WhiteElo "2158"]
[BlackElo "1897"]
[PlyCount "41"]
[GameId "2160767911095308"]
[EventDate "2004.07.10"]
[EventType "swiss"]
[EventRounds "10"]
[EventCountry "CAN"]

1. e4 Nc6 2. Nf3 d6 3. d4 Bg4 4. Be2 Nf6 5. Nc3 Bxf3 6. Bxf3 e5 7. d5 Nd4 8. Be3 c5 9. dxc6 Nxc6 10. Qd2 a6 11. g4 b5 12. g5 Nd7 13. Nd5 Ne7 14. a4 Nxd5 15. Qxd5 Rb8 16. Be2 bxa4 17. Bc4 Qe7 18. Rxa4 g6 19. Rxa6 Bg7 20. Rxd6 Rxb2 21. O-O 1-0

[Event "CAN-op"]
[Site "Kapuskasing CAN"]
[Date "2004.07.13"]
[Round "5"]
[White "Hims, Jeffrey"]
[Black "Jonkman, Harmen"]
[Result "0-1"]
[WhiteElo "2000"]
[BlackElo "2450"]
[PlyCount "70"]
[GameId "2160767911095309"]
[EventDate "2004.07.10"]
[EventType "swiss"]
[EventRounds "10"]
[EventCountry "CAN"]

1. e4 e5 2. Nf3 Nc6 3. Bb5 Nf6 4. O-O Nxe4 5. Re1 Nd6 6. Nxe5 Be7 7. Nc3 Nxb5 8. Nxb5 Nxe5 9. Rxe5 d6 10. Re1 O-O 11. d4 c6 12. Nc3 d5 13. Bf4 Bf5 14. Ne2 g5 15. Be5 f6 16. Bg3 Qb6 17. b3 Ba3 18. Nc1 Bb2 19. Rb1 Bxd4 20. Nd3 Qd8 21. Qd2 Bb6 22. h3 Qd7 23. Kh2 Rae8 24. f4 g4 25. h4 Rxe1 26. Rxe1 Re8 27. Bf2 Rxe1 28. Qxe1 Bxf2 29. Qxf2 b6 30. Qe2 Kf7 31. h5 Qe6 32. Qxe6+ Kxe6 33. Kg3 Bxd3 34. cxd3 Kf5 35. a4 c5 0-1

[Event "CAN-op"]
[Site "Kapuskasing CAN"]
[Date "2004.07.13"]
[Round "5"]
[White "Jones, Avery"]
[Black "Betaneli, Alexander"]
[Result "0-1"]
[WhiteElo "1585"]
[BlackElo "2318"]
[PlyCount "112"]
[GameId "2160767911095310"]
[EventDate "2004.07.10"]
[EventType "swiss"]
[EventRounds "10"]
[EventCountry "CAN"]

1. d4 Nf6 2. Nf3 e6 3. e3 b6 4. Bd3 Ba6 5. O-O Bxd3 6. Qxd3 Be7 7. Nc3 O-O 8. Ne2 d5 9. Ne5 c5 10. Ng3 Nfd7 11. f4 Nxe5 12. fxe5 f5 13. Nh5 c4 14. Qe2 Qe8 15. Nf4 Bd8 16. c3 g5 17. Nh3 Qg6 18. Bd2 Nc6 19. Rf2 h5 20. Raf1 Be7 21. g3 b5 22. Rg2 a5 23. Nf4 Qf7 24. Nxh5 g4 25. Nf4 Bg5 26. Kf2 Bxf4 27. exf4 Qh5 28. Rh1 Qh3 29. Rgg1 Kf7 30. Qf1 Rh8 31. Qxh3 Rxh3 32. Kg2 b4 33. Ra1 Rb8 34. Rhb1 Kg6 35. b3 bxc3 36. Bxc3 Nb4 37. Bxb4 Rxb4 38. a3 Rxb3 39. Rxb3 cxb3 40. a4 Rh8 41. Rb1 Rb8 42. h3 gxh3+ 43. Kxh3 b2 44. Kg2 Rb3 45. Kf2 Kh5 46. Rh1+ Kg6 47. Rb1 Kf7 48. Kg2 Ke7 49. Kh3 Rb4 50. Kh4 Kf8 51. Kg5 Kg7 52. Kh5 Rb3 53. Kh4 Kh6 54. g4 Kg6 55. gxf5+ Kxf5 56. Rg1 b1=Q 0-1

[Event "CAN-op"]
[Site "Kapuskasing CAN"]
[Date "2004.07.13"]
[Round "5"]
[White "Kunte, Abhijit"]
[Black "McKay, Brian"]
[Result "1-0"]
[WhiteElo "2532"]
[BlackElo "1741"]
[PlyCount "65"]
[GameId "2160767911095312"]
[EventDate "2004.07.10"]
[EventType "swiss"]
[EventRounds "10"]
[EventCountry "CAN"]

1. e4 e6 2. d4 b6 3. Bd3 Bb7 4. Nf3 Be7 5. O-O Nf6 6. e5 Ng4 7. h3 h5 8. hxg4 hxg4 9. Nh2 f5 10. exf6 Bxf6 11. Qxg4 c5 12. Nd2 Qc7 13. Ndf3 cxd4 14. Bf4 Qc5 15. b4 Qxb4 16. Bg6+ Ke7 17. Rab1 Qa5 18. Bd2 Qd5 19. Bb4+ Kd8 20. Rfe1 Nc6 21. Be4 Qxa2 22. Bd6 Qa5 23. Rbd1 Qh5 24. Qg3 g5 25. Bxc6 Bxc6 26. Nxd4 Bd5 27. Bc7+ Kc8 28. c4 Bxc4 29. Rc1 Bxd4 30. Rxc4 Bc5 31. Bd6 g4 32. Bxc5 Kb7 33. Bxb6 1-0

[Event "CAN-op"]
[Site "Kapuskasing CAN"]
[Date "2004.07.13"]
[Round "5"]
[White "Lapshun, Yury"]
[Black "Mattson, Marvin"]
[Result "1-0"]
[WhiteElo "2444"]
[BlackElo "1702"]
[PlyCount "65"]
[GameId "2160767911095313"]
[EventDate "2004.07.10"]
[EventType "swiss"]
[EventRounds "10"]
[EventCountry "CAN"]

1. b4 e5 2. Bb2 Bxb4 3. f4 d6 4. fxe5 dxe5 5. Bxe5 Nf6 6. Nf3 Nc6 7. Bb2 Be6 8. Nc3 Qe7 9. e3 a6 10. Bd3 O-O 11. O-O Rad8 12. Qe1 Rfe8 13. Qh4 h6 14. Ne2 Nd5 15. Qg3 Nf6 16. Nfd4 Bd6 17. Nxc6 bxc6 18. Bxf6 Bxg3 19. Bxe7 Bxh2+ 20. Kxh2 Rxe7 21. Nd4 Bd7 22. Bxa6 c5 23. Nb3 Re5 24. Bc4 Be6 25. Bxe6 fxe6 26. Rf4 Rh5+ 27. Kg1 Rdd5 28. a4 e5 29. Rc4 Rg5 30. a5 h5 31. a6 Rd8 32. a7 Ra8 33. Nxc5 1-0

[Event "CAN-op"]
[Site "Kapuskasing CAN"]
[Date "2004.07.13"]
[Round "5"]
[White "MacNeill, Daniel"]
[Black "Gokhale, Chandrashekhar"]
[Result "0-1"]
[WhiteElo "1657"]
[BlackElo "2407"]
[PlyCount "86"]
[GameId "2160767911095314"]
[EventDate "2004.07.10"]
[EventType "swiss"]
[EventRounds "10"]
[EventCountry "CAN"]

1. d4 Nf6 2. Nf3 e6 3. c4 Bb4+ 4. Bd2 Qe7 5. a3 Bxd2+ 6. Qxd2 O-O 7. Nc3 d6 8. e4 e5 9. d5 a5 10. Be2 Nbd7 11. Qc2 Nc5 12. O-O a4 13. Nd2 b6 14. b4 axb3 15. Nxb3 Nxb3 16. Qxb3 Nd7 17. Nb5 Nc5 18. Qc2 f5 19. f3 Rf7 20. Bd3 Qg5 21. Rfe1 g6 22. Qd1 h5 23. Bc2 h4 24. Qc1 f4 25. Kf2 h3 26. Rg1 Qh4+ 27. Ke2 g5 28. gxh3 Bxh3 29. Qe1 Qh5 30. Qf2 Kg7 31. Rxg5+ Qxg5 32. Rg1 Qxg1 33. Qxg1+ Kf6 34. Qf2 Rh8 35. Kd2 Rg7 36. Kc3 Rg2 37. Qe1 Bd7 38. Nxc7 Rhxh2 39. Qd1 Rxc2+ 40. Qxc2 Rxc2+ 41. Kxc2 Ba4+ 42. Kd2 Nb3+ 43. Ke1 Na5 0-1

[Event "CAN-op"]
[Site "Kapuskasing CAN"]
[Date "2004.07.13"]
[Round "5"]
[White "Mattson, Dave"]
[Black "Epishin, Vladimir"]
[Result "0-1"]
[WhiteElo "1702"]
[BlackElo "2671"]
[PlyCount "58"]
[GameId "2160767911095315"]
[EventDate "2004.07.10"]
[EventType "swiss"]
[EventRounds "10"]
[EventCountry "CAN"]

1. d4 Nf6 2. c4 e6 3. Nc3 Bb4 4. e3 O-O 5. Nf3 b6 6. Bd3 Bb7 7. O-O d5 8. a3 Bxc3 9. bxc3 dxc4 10. Bxc4 Nbd7 11. Re1 c5 12. a4 Qc7 13. Ba3 Rad8 14. Qe2 e5 15. a5 h6 16. Nd2 Rfe8 17. Nb3 exd4 18. cxd4 cxd4 19. Rac1 Qe5 20. exd4 Qg5 21. Qf1 Nd5 22. Bd6 N7f6 23. Re5 Rxe5 24. Bxe5 Nh5 25. Re1 Nhf4 26. Re4 Rc8 27. Nd2 Nh3+ 28. Kh1 Qxd2 29. gxh3 Rxc4 0-1

[Event "CAN-op"]
[Site "Kapuskasing CAN"]
[Date "2004.07.13"]
[Round "5"]
[White "Mikhalevski, Victor"]
[Black "Uuetoa, Harold"]
[Result "1-0"]
[WhiteElo "2551"]
[BlackElo "1756"]
[PlyCount "83"]
[GameId "2160767911095316"]
[EventDate "2004.07.10"]
[EventType "swiss"]
[EventRounds "10"]
[EventCountry "CAN"]

1. d4 Nf6 2. c4 g6 3. Nc3 Bg7 4. e4 d6 5. Be2 c6 6. Nf3 Na6 7. O-O O-O 8. Re1 Bg4 9. Be3 Nc7 10. h3 Bxf3 11. Bxf3 e5 12. Qb3 b6 13. Rad1 Qe7 14. Qa4 c5 15. dxe5 dxe5 16. Bg5 Qe8 17. Qxe8 Rfxe8 18. Nd5 Nfxd5 19. exd5 Rab8 20. d6 Ne6 21. d7 Nxg5 22. dxe8=Q+ Rxe8 23. Bc6 Rc8 24. Bd7 Rc7 25. h4 Ne6 26. Bxe6 fxe6 27. Re4 Re7 28. Kf1 Bf6 29. Ke2 h5 30. Rd3 Kh7 31. Rf3 Bh8 32. b3 Rd7 33. Rd3 Rf7 34. Rd6 Re7 35. f4 exf4 36. Rdxe6 Rf7 37. Re7 Kg7 38. Kf3 Kf8 39. Re8+ Kg7 40. R4e7 a5 41. Rxf7+ Kxf7 42. Rxh8 1-0

[Event "CAN-op"]
[Site "Kapuskasing CAN"]
[Date "2004.07.13"]
[Round "5"]
[White "Miroshnichenko, Evgenij"]
[Black "Ferdkoyf, Alex"]
[Result "1-0"]
[WhiteElo "2615"]
[BlackElo "1654"]
[PlyCount "91"]
[GameId "2160767911095317"]
[EventDate "2004.07.10"]
[EventType "swiss"]
[EventRounds "10"]
[EventCountry "CAN"]

1. Nf3 Nf6 2. g3 g6 3. Bg2 Bg7 4. c4 d5 5. cxd5 O-O 6. O-O Nxd5 7. Nc3 e5 8. Nxd5 Qxd5 9. d3 Nc6 10. Be3 Qb5 11. a4 Qxb2 12. Nd2 Nd4 13. Rb1 Qc2 14. Bxd4 Qxd1 15. Rfxd1 exd4 16. Bxb7 Rb8 17. Bxc8 Rfxc8 18. Kg2 f5 19. Rdc1 Rxb1 20. Rxb1 Bf8 21. Rb7 a5 22. Nb3 c5 23. Nd2 Re8 24. Kf1 Re7 25. Rb5 Ra7 26. Nc4 Kf7 27. Rxa5 Rxa5 28. Nxa5 Ke6 29. Nc4 Kd5 30. h3 Be7 31. Kg2 Bd8 32. Kf3 Bc7 33. Kg2 Bd8 34. h4 f4 35. h5 fxg3 36. hxg6 hxg6 37. Kxg3 g5 38. Kg4 Be7 39. Kf5 Kc6 40. Ke6 Bd8 41. f3 Bc7 42. Ne5+ Kb6 43. Kd5 Ka5 44. Nd7 Kxa4 45. Nxc5+ Kb5 46. Ne6 1-0

[Event "CAN-op"]
[Site "Kapuskasing CAN"]
[Date "2004.07.13"]
[Round "5"]
[White "Moiseenko, Alexander"]
[Black "Powell, Bryson"]
[Result "1-0"]
[WhiteElo "2631"]
[BlackElo "2009"]
[PlyCount "46"]
[GameId "2160767911095318"]
[EventDate "2004.07.10"]
[EventType "swiss"]
[EventRounds "10"]
[EventCountry "CAN"]

1. e4 c5 2. Nf3 Qa5 3. Nc3 g6 4. d4 Bg7 5. Be3 Nc6 6. d5 Ne5 7. Nd2 d6 8. Be2 Nh6 9. O-O Neg4 10. Bf4 Bxc3 11. Nc4 Qd8 12. bxc3 f6 13. h3 g5 14. Bxg5 fxg5 15. Bxg4 Nxg4 16. hxg4 h5 17. gxh5 g4 18. e5 dxe5 19. Qd3 Rh6 20. Rfe1 e6 21. Nxe5 Bd7 22. Nxg4 Bc8 23. Qd1 Rh8 1-0

[Event "CAN-op"]
[Site "Kapuskasing CAN"]
[Date "2004.07.13"]
[Round "5"]
[White "Nadeau, Benoit"]
[Black "Kudrin, Sergey"]
[Result "0-1"]
[WhiteElo "1756"]
[BlackElo "2563"]
[PlyCount "58"]
[GameId "2160767911095320"]
[EventDate "2004.07.10"]
[EventType "swiss"]
[EventRounds "10"]
[EventCountry "CAN"]

1. Nf3 c5 2. g3 Nc6 3. Bg2 g6 4. O-O Bg7 5. e4 d6 6. d3 Rb8 7. c3 e5 8. Nbd2 Nge7 9. h4 h6 10. Nh2 b5 11. a4 b4 12. Nc4 Be6 13. Ne3 d5 14. Neg4 f5 15. Ne3 O-O 16. Bh3 Qd7 17. f3 f4 18. Bxe6+ Qxe6 19. gxf4 exf4 20. Nxd5 Nxd5 21. exd5 Qxd5 22. c4 Qh5 23. Rb1 Qxh4 24. b3 Rbe8 25. Bb2 Bc3 26. Bxc3 bxc3 27. Rc1 Nd4 28. Rf2 Rf5 29. Rxc3 Rg5+ 0-1

[Event "CAN-op"]
[Site "Kapuskasing CAN"]
[Date "2004.07.13"]
[Round "5"]
[White "Rohanchuk, Edward"]
[Black "Huzman, Alexander"]
[Result "0-1"]
[WhiteElo "1957"]
[BlackElo "2588"]
[PlyCount "77"]
[GameId "2160767911095321"]
[EventDate "2004.07.10"]
[EventType "swiss"]
[EventRounds "10"]
[EventCountry "CAN"]

1. c4 g6 2. Nf3 Bg7 3. g3 Nf6 4. Bg2 O-O 5. O-O d6 6. d4 Nbd7 7. Nc3 e5 8. dxe5 dxe5 9. e4 c6 10. b4 Qe7 11. a3 Rd8 12. Qe2 Nf8 13. h3 Ne6 14. Bb2 Nd4 15. Nxd4 exd4 16. Nb1 a5 17. Rd1 axb4 18. e5 bxa3 19. Bxd4 Nd7 20. f4 f6 21. Bb2 fxe5 22. Nxa3 Re8 23. Re1 exf4 24. Qxe7 Rxe7 25. Rxe7 Bxb2 26. Rd1 Bxa3 27. Re8+ Kf7 28. Rxc8 Rxc8 29. Rxd7+ Ke6 30. Rxb7 fxg3 31. Rxh7 Bc5+ 32. Kh1 Ra8 33. Bd5+ cxd5 34. cxd5+ Kxd5 35. Kg2 Bd6 36. Rg7 Ra2+ 37. Kf3 Rf2+ 38. Ke3 Rf6 39. Rh7 0-1

[Event "CAN-op"]
[Site "Kapuskasing CAN"]
[Date "2004.07.13"]
[Round "5"]
[White "Spraggett, Kevin"]
[Black "Thorvardson, Craig"]
[Result "1-0"]
[WhiteElo "2626"]
[BlackElo "1855"]
[PlyCount "49"]
[GameId "2160767911095322"]
[EventDate "2004.07.10"]
[EventType "swiss"]
[EventRounds "10"]
[EventCountry "CAN"]

1. e4 c5 2. Nf3 Qc7 3. c4 a6 4. Nc3 e6 5. d4 cxd4 6. Nxd4 Nc6 7. Nc2 Nf6 8. f4 d6 9. Bd3 Be7 10. O-O Bd7 11. Qe2 Rc8 12. Bd2 O-O 13. Rae1 Rfd8 14. Kh1 Be8 15. Rf3 Nd7 16. b4 d5 17. exd5 Nxb4 18. Bxh7+ Kf8 19. Nxb4 Bxb4 20. dxe6 Nf6 21. Nd5 Nxd5 22. Bxb4+ Ne7 23. exf7 Rd7 24. fxe8=Q+ Rxe8 25. Qe6 1-0

[Event "CAN-op"]
[Site "Kapuskasing CAN"]
[Date "2004.07.13"]
[Round "5"]
[White "Thorvardson, Barry"]
[Black "Molchanov, Yevhen"]
[Result "1-0"]
[WhiteElo "1945"]
[BlackElo "2180"]
[PlyCount "53"]
[GameId "2160767911095323"]
[EventDate "2004.07.10"]
[EventType "swiss"]
[EventRounds "10"]
[EventCountry "CAN"]

1. e4 d5 2. exd5 Nf6 3. d4 Bg4 4. f3 Bf5 5. c4 e6 6. g4 Bxb1 7. Rxb1 exd5 8. g5 Nfd7 9. c5 Be7 10. h4 h6 11. Qe2 Nc6 12. gxh6 gxh6 13. Be3 Nf8 14. Bh3 Ne6 15. b4 Ncxd4 16. Bxd4 Nxd4 17. Qe5 Rf8 18. Qxd4 f5 19. b5 Qd7 20. Ne2 c6 21. bxc6 Qxc6 22. Qe5 O-O-O 23. Bxf5+ Rd7 24. Nd4 Qa6 25. Bxd7+ Kxd7 26. Qxd5+ Kc8 27. Qe6+ 1-0

[Event "CAN-op"]
[Site "Kapuskasing CAN"]
[Date "2004.07.13"]
[Round "5"]
[White "Whissell, Mavros"]
[Black "Wang, David"]
[Result "0-1"]
[WhiteElo "1920"]
[BlackElo "2112"]
[PlyCount "76"]
[GameId "2160767911095324"]
[EventDate "2004.07.10"]
[EventType "swiss"]
[EventRounds "10"]
[EventCountry "CAN"]

1. e4 e5 2. Nf3 Nc6 3. Bb5 a6 4. Ba4 Nf6 5. O-O Nxe4 6. d4 b5 7. Bb3 d5 8. dxe5 Be6 9. Nbd2 Nc5 10. c3 d4 11. cxd4 Nxd4 12. Nxd4 Qxd4 13. Bxe6 Nxe6 14. Nf3 Qb6 15. Qd5 Rd8 16. Qe4 c5 17. Be3 Qc7 18. a4 Be7 19. Rfc1 O-O 20. b3 Rd7 21. g3 Rfd8 22. axb5 axb5 23. Ra8 Rxa8 24. Qxa8+ Rd8 25. Qe4 Qa5 26. Kg2 Qa3 27. Qb7 c4 28. bxc4 Bc5 29. Re1 bxc4 30. Qe4 Bxe3 31. Rxe3 Qb4 32. Qc6 Nc5 33. Nd4 Rf8 34. Ne2 Nd3 35. Qe4 Qe1 36. Qxc4 Qxf2+ 37. Kh3 Qf1+ 38. Kg4 Nf2+ 0-1

[Event "CAN-op"]
[Site "Kapuskasing CAN"]
[Date "2004.07.13"]
[Round "5"]
[White "Zatonskih, Anna"]
[Black "Thomson, Bruce"]
[Result "1-0"]
[WhiteElo "2412"]
[BlackElo "1739"]
[PlyCount "51"]
[GameId "2160767911095325"]
[EventDate "2004.07.10"]
[EventType "swiss"]
[EventRounds "10"]
[EventCountry "CAN"]

1. e4 e6 2. d4 d5 3. Nd2 Nf6 4. e5 Nfd7 5. c3 c5 6. Bd3 cxd4 7. cxd4 Nc6 8. Ne2 f6 9. exf6 Nxf6 10. O-O Be7 11. Nf3 O-O 12. Bg5 Qe8 13. Rc1 h6 14. Bh4 Bd6 15. Bb1 Qh5 16. Bg3 Bxg3 17. Nxg3 Qe8 18. Ne5 Nxe5 19. dxe5 Nh7 20. Qd3 g6 21. Rc7 Rf5 22. Nxf5 exf5 23. Qxd5+ Kh8 24. e6 Qxe6 25. Qd8+ Qg8 26. Qd4+ 1-0

[Event "CAN-op"]
[Site "Kapuskasing CAN"]
[Date "2004.07.14"]
[Round "6"]
[White "Arencibia Rodriguez, Walter"]
[Black "Henry, Liam"]
[Result "1-0"]
[WhiteElo "2531"]
[BlackElo "2062"]
[PlyCount "39"]
[GameId "2160767911095326"]
[EventDate "2004.07.10"]
[EventType "swiss"]
[EventRounds "10"]
[EventCountry "CAN"]
[SourceTitle "CBM 101 Extra"]
[Source "ChessBase"]
[SourceDate "2004.09.01"]
[SourceVersion "2"]
[SourceVersionDate "2004.09.01"]
[SourceQuality "1"]

1. c4 Nf6 2. Nf3 g6 3. Nc3 Bg7 4. g3 O-O 5. Bg2 d6 6. O-O Nc6 7. Rb1 e5 8. d3 Nh5 9. b4 f5 10. b5 Ne7 11. Qb3 Kh8 12. Ba3 Nf6 13. c5 h6 14. cxd6 cxd6 15. Nd2 g5 16. Qb4 Ne8 17. Nc4 Rf6 18. Nxe5 Bf8 19. Nf3 Ng7 20. Qd4 1-0

[Event "CAN-op"]
[Site "Kapuskasing CAN"]
[Date "2004.07.14"]
[Round "6"]
[White "Betaneli, Alexander"]
[Black "Nurmi, Kari"]
[Result "1-0"]
[WhiteElo "2318"]
[BlackElo "1763"]
[PlyCount "79"]
[GameId "2160767911095327"]
[EventDate "2004.07.10"]
[EventType "swiss"]
[EventRounds "10"]
[EventCountry "CAN"]

1. c4 f5 2. Nc3 Nf6 3. g3 g6 4. Bg2 Bg7 5. d3 O-O 6. e4 fxe4 7. dxe4 d6 8. Nge2 a5 9. O-O c6 10. Nf4 Na6 11. Nd3 Be6 12. b3 Nxe4 13. Bxe4 Bxc3 14. Bh6 Bg7 15. Bxg7 Kxg7 16. Re1 Bf5 17. Bxf5 Rxf5 18. Nf4 Nc5 19. Ne6+ Nxe6 20. Rxe6 Qd7 21. Qd4+ Kf7 22. Rae1 Re8 23. g4 Rf6 24. R6e3 Qd8 25. g5 Rf5 26. Qh4 Kg8 27. Rh3 Rf7 28. Re6 Rg7 29. Rxg6 hxg6 30. Qh8+ Kf7 31. Rf3+ Ke6 32. Qh3+ Ke5 33. Qg3+ Kd4 34. Rf4+ Kc5 35. Qe3+ Kb4 36. Qd2+ Kc5 37. Qd4+ Kb4 38. c5+ Ka3 39. Qd2 a4 40. Rxa4# 1-0

[Event "CAN-op"]
[Site "Kapuskasing CAN"]
[Date "2004.07.14"]
[Round "6"]
[White "Dumontelle, Joseph"]
[Black "Harper, Ryan"]
[Result "0-1"]
[WhiteElo "1897"]
[BlackElo "2192"]
[PlyCount "60"]
[GameId "2160767911095329"]
[EventDate "2004.07.10"]
[EventType "swiss"]
[EventRounds "10"]
[EventCountry "CAN"]

1. b4 Nf6 2. Bb2 g6 3. c4 Bg7 4. e3 d6 5. Nf3 Nbd7 6. d4 e5 7. Nc3 O-O 8. b5 exd4 9. Nxd4 Nc5 10. Qc2 Re8 11. Be2 Bg4 12. Nd5 Nxd5 13. cxd5 Bxe2 14. Qxe2 Na4 15. Qc2 Nxb2 16. Qxb2 Qg5 17. O-O-O Qxd5 18. Rhg1 c5 19. bxc6 bxc6 20. Qc2 Rec8 21. f4 Qa5 22. Nb3 Qa3+ 23. Kd2 Qb4+ 24. Ke2 Re8 25. Rgf1 Qb6 26. Rf3 d5 27. f5 Re4 28. f6 Bh6 29. Nd4 Rae8 30. Qxc6 Bxe3 0-1

[Event "CAN-op"]
[Site "Kapuskasing CAN"]
[Date "2004.07.14"]
[Round "6"]
[White "Epishin, Vladimir"]
[Black "Thorvardson, Craig"]
[Result "1-0"]
[WhiteElo "2671"]
[BlackElo "1855"]
[PlyCount "59"]
[GameId "2160767911095330"]
[EventDate "2004.07.10"]
[EventType "swiss"]
[EventRounds "10"]
[EventCountry "CAN"]

1. d4 Nf6 2. c4 e6 3. Nc3 c5 4. d5 exd5 5. cxd5 d6 6. e4 a6 7. a4 Be7 8. Bd3 O-O 9. Nge2 Re8 10. O-O Bg4 11. f3 Bh5 12. g4 Bg6 13. h4 h6 14. g5 hxg5 15. hxg5 Nh7 16. f4 Bh5 17. Rf2 f6 18. e5 fxg5 19. Bxh7+ Kxh7 20. Rh2 g6 21. Ng3 Kg7 22. Rxh5 gxh5 23. Nf5+ Kg6 24. Qc2 Kf7 25. e6+ Kf8 26. Qh2 h4 27. fxg5 Bxg5 28. Ne4 Bxc1 29. Rxc1 Kg8 30. Qg2+ 1-0

[Event "CAN-op"]
[Site "Kapuskasing CAN"]
[Date "2004.07.14"]
[Round "6"]
[White "Ferdkoyf, Alex"]
[Black "Kunte, Abhijit"]
[Result "0-1"]
[WhiteElo "1654"]
[BlackElo "2532"]
[PlyCount "50"]
[GameId "2160767911095331"]
[EventDate "2004.07.10"]
[EventType "swiss"]
[EventRounds "10"]
[EventCountry "CAN"]

1. e4 c5 2. Nf3 e6 3. d4 cxd4 4. Nxd4 Nc6 5. Nc3 Qc7 6. Be3 a6 7. Be2 Nf6 8. Nxc6 bxc6 9. O-O Rb8 10. Rb1 Be7 11. f4 d6 12. Qe1 d5 13. e5 Nd7 14. Na4 a5 15. c3 c5 16. Qg3 g6 17. Qf2 Bb7 18. b4 axb4 19. cxb4 d4 20. Bd2 c4 21. Rfc1 c3 22. Bxc3 dxc3 23. Rxc3 Qd8 24. Bb5 Bd5 25. Rbc1 O-O 0-1

[Event "CAN-op"]
[Site "Kapuskasing CAN"]
[Date "2004.07.14"]
[Round "6"]
[White "Gokhale, Chandrashekhar"]
[Black "Spraggett, Kevin"]
[Result "0-1"]
[WhiteElo "2407"]
[BlackElo "2584"]
[PlyCount "88"]
[GameId "2160767911095332"]
[EventDate "2004.07.10"]
[EventType "swiss"]
[EventRounds "10"]
[EventCountry "CAN"]
[SourceTitle "CBM 101 Extra"]
[Source "ChessBase"]
[SourceDate "2004.09.01"]
[SourceVersion "2"]
[SourceVersionDate "2004.09.01"]
[SourceQuality "1"]

1. d4 f5 2. g3 Nf6 3. Bg2 e6 4. c4 Be7 5. Nf3 O-O 6. O-O Ne4 7. Qc2 Bf6 8. Nc3 d5 9. Ne5 c6 10. f3 Nd6 11. c5 Nf7 12. f4 Nxe5 13. fxe5 Be7 14. Bd2 Na6 15. a3 Nc7 16. b4 Bd7 17. Nd1 Be8 18. Nb2 g5 19. Nd3 Bg6 20. a4 a6 21. Qc1 Kh8 22. Rf2 Rg8 23. Ne1 Bh5 24. Nf3 Rg7 25. Ra3 h6 26. Ne1 Qd7 27. Bf3 Bf7 28. h3 Rag8 29. Rh2 Rh7 30. Bg2 Bd8 31. Kf2 Be8 32. Nf3 Bh5 33. h4 Qg7 34. hxg5 hxg5 35. Qh1 Qg6 36. Ne1 Rgg7 37. Bf3 Bg4 38. Ra1 Rxh2+ 39. Qxh2+ Rh7 40. Qg2 Bh3 41. Qg1 Rh6 42. Bh1 f4 43. gxf4 g4 44. Nd3 g3+ 0-1